[Event "Lloyds Bank op"]
[Site "London"]
[Date "1984.??.??"]
[Round "4"]
[White "Short, Nigel D"]
[Black "Gallagher, Joseph G"]
[Result "1-0"]
[WhiteElo "2510"]
[BlackElo "2295"]

1.e4 c5 2.Nf3 d6 3.d4 cxd4 4.Nxd4 Nf6 5.Nc3 a6 6.Be3 e5 7.Nb3 Be6 8.Qd2 Nbd7
9.f4 Qc7 10.f5 Bc4 11.Bxc4 Qxc4 12.Qe2 Qc6 13.Bg5 b5 14.Bxf6 Nxf6 15.O-O-O b4
16.Nd5 a5 17.Nxf6+ gxf6 18.Rd5 a4 19.Na5 Qb6 20.Nc4 Qc6 21.Kb1 Be7 22.Rhd1 b3
23.cxb3 axb3 24.axb3 O-O 25.R1d3 Kh8 26.Rc3 Qb7 27.Na5 Qb6 28.Qe3 Qa6 29.Qf2 Rad8
30.Rc6  1-0

[Event "Neskaupstad"]
[Site "Neskaupstad"]
[Date "1984.??.??"]
[Round "?"]
[White "Hardarson, Robert"]
[Black "Hansson, Dan"]
[Result "0-1"]
[WhiteElo "2295"]
[BlackElo "2320"]

1.e4 c5 2.Nf3 d6 3.d4 cxd4 4.Nxd4 Nf6 5.Nc3 a6 6.Be3 e6 7.Qd2 Nc6 8.O-O-O Be7
9.f3 d5 10.exd5 Nxd5 11.Nxd5 Qxd5 12.c4 Qd6 13.Qc3 Bf6 14.Be2 O-O 15.Nxc6 Qxc6
16.Bd4 e5 17.Bxe5 Bxe5 18.Qxe5 Qa4 19.Qc3 Qxa2 20.Kd2 Qa4 21.Ke3 Be6 22.Rd6 Rac8
23.c5 Qh4 24.b4 Rfe8 25.Rd4 Bf5+ 26.Kd2 Qg5+ 27.f4 Rxe2+  0-1

[Event "Neskaupstad"]
[Site "Neskaupstad"]
[Date "1984.??.??"]
[Round "?"]
[White "Sigurjonsson, Gudmundur"]
[Black "Olafsson, Helgi"]
[Result "1/2-1/2"]
[WhiteElo "2470"]
[BlackElo "2445"]

1.e4 c5 2.Nf3 d6 3.d4 cxd4 4.Nxd4 Nf6 5.Nc3 a6 6.Be3 e6 7.g4 e5 8.Nf5 g6
9.g5 gxf5 10.exf5 d5 11.gxf6 d4 12.Bc4 Qc7 13.Qd3 dxc3 14.O-O-O Nc6 15.Rhe1 cxb2+
16.Kb1 Bb4 17.c3 Ba3 18.Bf4 Qd7 19.Bd5 Qxd5 20.Qxd5 Bxf5+ 21.Rd3 O-O 22.Bh6 Rfd8
23.Rg1+ Kh8 24.Bg7+ Kg8 25.Bh6+ Kh8 26.Bg7+ Kg8 27.Bh6+  1/2-1/2

[Event "Plovdiv"]
[Site "Plovdiv"]
[Date "1984.??.??"]
[Round "4"]
[White "Lukin, Andrei M"]
[Black "Spassov, Liuben"]
[Result "1/2-1/2"]
[WhiteElo "2470"]
[BlackElo "2475"]

1.e4 c5 2.Nf3 d6 3.d4 cxd4 4.Nxd4 Nf6 5.Nc3 a6 6.Be3 e5 7.Nb3 Be6 8.Qd2 Nbd7
9.f3 b5 10.g4 Nb6 11.g5 Nh5 12.Nd5 Nxd5 13.exd5 Bd7 14.Na5 Be7 15.O-O-O O-O
16.Rg1 Qc7 17.Kb1 g6 18.h4 Rab8 19.Be2 b4 20.Nc6 Bxc6 21.dxc6 Qxc6 22.f4 Nxf4
23.Bxf4 exf4 24.Qxf4 Rfc8 25.Bd3 Bf8 26.h5 Bg7 27.hxg6 hxg6 28.Rgf1 Rc7 29.Be4 Be5
30.Qxf7+ Rxf7 31.Bxc6 Rxf1 32.Rxf1 Rf8 33.Bd5+ Kg7 34.Rxf8 Kxf8 35.a3 bxa3
36.bxa3 Bf4 37.c4 Bxg5 38.Kc2 Kg7 39.Kd3 Kh6 40.Ke2  1/2-1/2

[Event "Plovdiv"]
[Site "Plovdiv"]
[Date "1984.??.??"]
[Round "9"]
[White "Inkiov, Ventzislav"]
[Black "Lukin, Andrei M"]
[Result "1-0"]
[WhiteElo "2490"]
[BlackElo "2470"]

1.e4 c5 2.Nf3 d6 3.d4 cxd4 4.Nxd4 Nf6 5.Nc3 a6 6.Be3 Nbd7 7.Qd2 e6 8.f3 Qc7
9.g4 h6 10.h4 Ne5 11.Rg1 Nfd7 12.f4 Nc4 13.Bxc4 Qxc4 14.g5 hxg5 15.hxg5 g6
16.O-O-O b5 17.b3 Qc7 18.f5 Ne5 19.Rh1 Rxh1 20.Rxh1 Bd7 21.fxe6 fxe6 22.Rh7 Qa5
23.Kb1 O-O-O 24.Nxe6 Bxe6 25.Nd5 b4 26.Bb6  1-0

[Event "Plovdiv"]
[Site "Plovdiv"]
[Date "1984.??.??"]
[Round "14"]
[White "Lukin, Andrei M"]
[Black "Tringov, Georgi P"]
[Result "1-0"]
[WhiteElo "2470"]
[BlackElo "2435"]

1.e4 c5 2.Nf3 d6 3.d4 cxd4 4.Nxd4 Nf6 5.Nc3 a6 6.Be3 Nbd7 7.Be2 e6 8.a4 b6
9.f4 Bb7 10.Bf3 Qc7 11.Qe2 Rc8 12.g4 e5 13.Nb3 exf4 14.Bxf4 Ne5 15.Bxe5 dxe5
16.O-O-O h6 17.Nd5 Nxd5 18.exd5 Be7 19.Be4 Qc4 20.Qf3 Qxa4 21.Kb1 Bd6 22.Rhg1 Rc7
23.g5 h5 24.Rge1 Kd8 25.Qf2 Qb4 26.Bg2 Kc8 27.Re4 Rc4 28.Rxc4+ Qxc4 29.Qxb6 Qc7
30.Qf2 Kb8 31.Rc1 a5 32.c4 a4 33.Nd2 Bc5 34.Qe2 Re8 35.Ne4 Bd4 36.c5 Qa5
37.c6 Ba6 38.Qc2 Ka7 39.c7 Qb4 40.Bf1 Bb7 41.Nd6 a3 42.Nb5+ Kb6 43.Nxa3 Bxd5
44.Nc4+ Bxc4 45.Bxc4 Rc8 46.Bxf7 Bc5 47.Qg6+ Ka7 48.Rc3 Qb6 49.Qxg7 Bb4 50.Rc1 Rxc7
51.Rxc7+ Qxc7 52.Qf6 Bd2 53.Qf2+ Kb8 54.Qxd2 Qxf7 55.Qd6+ Kb7 56.Qxe5 Qf1+
57.Kc2 Qf2+ 58.Kc3 Qf3+ 59.Kd4 Qd1+ 60.Kc5 Qc2+ 61.Kd6  1-0

[Event "Reykjavik"]
[Site "Reykjavik"]
[Date "1984.??.??"]
[Round "?"]
[White "Sigurjonsson, Gudmundur"]
[Black "Olafsson, Helgi"]
[Result "1/2-1/2"]
[WhiteElo "2470"]
[BlackElo "2445"]

1.e4 c5 2.Nf3 d6 3.d4 cxd4 4.Nxd4 Nf6 5.Nc3 a6 6.Be3 e6 7.g4 h6 8.Rg1 b5
9.a3 Bb7 10.Bd3 Nbd7 11.h4 e5 12.Nb3 g6 13.g5 hxg5 14.hxg5 Nh5 15.Qd2 Be7
16.O-O-O Nc5 17.Kb1 Ne6 18.Ne2  1/2-1/2

[Event "Rome-B"]
[Site "Rome"]
[Date "1984.??.??"]
[Round "1"]
[White "Rigo, Janos"]
[Black "Tassi, Oliviero"]
[Result "0-1"]
[WhiteElo "2370"]
[BlackElo "2270"]

1.e4 c5 2.Nf3 d6 3.d4 cxd4 4.Nxd4 Nf6 5.Nc3 a6 6.Be3 e5 7.Nf3 Qc7 8.a4 Nbd7
9.a5 Be7 10.Be2 Nc5 11.Nd5 Nxd5 12.exd5 f5 13.O-O O-O 14.b4 Ne4 15.Bb6 Qc3
16.Rb1 Bd7 17.Bd3 Ba4 18.Qe1 Rac8 19.Rc1 Qxe1 20.Rfxe1 Nc3 21.Nd4 Bg5 22.Nxf5 e4
23.Nxd6 exd3 24.Nxc8 d2 25.Ra1 dxe1=Q+ 26.Rxe1 Rxc8 27.d6 Re8 28.Ra1 Bb5
29.g3 Bf6 30.Ra3 Be5 31.Bc7 Nd5  0-1

[Event "Rostock"]
[Site "Rostock"]
[Date "1984.??.??"]
[Round "?"]
[White "Lanc, Alois"]
[Black "Bernard, Ryszard"]
[Result "0-1"]
[WhiteElo "2410"]
[BlackElo "2415"]

1.e4 c5 2.Nf3 d6 3.d4 cxd4 4.Nxd4 Nf6 5.Nc3 a6 6.Be3 e5 7.Nb3 Be6 8.Qd2 Nbd7
9.f3 Be7 10.g4 b5 11.g5 Nh5 12.Rg1 Qc7 13.Nd5 Bxd5 14.exd5 O-O 15.O-O-O Nb6
16.h4 Rfc8 17.Bxb6 Qxb6 18.Bd3 a5 19.a3 g6 20.Kb1 Bd8 21.Rg4 Nf4 22.Re1 Qb7
23.Be4 Bb6 24.Rh1 a4 25.Nc1 Qa7 26.Nd3 Be3 27.Qd1 Rc4 28.c3 Rac8 29.Nb4 Rxb4
30.axb4 a3 31.h5 axb2 32.Kxb2 Rxc3 33.Kxc3 Qa3+ 34.Kc2 Qa2+ 35.Kc3 Bd4+ 36.Qxd4 exd4+
37.Kxd4 Qd2+  0-1

[Event "BUL-ch"]
[Site "Sofia"]
[Date "1984.??.??"]
[Round "?"]
[White "Radulov, Ivan"]
[Black "Lukov, Valentin"]
[Result "1/2-1/2"]
[WhiteElo "2450"]
[BlackElo "2430"]

1.e4 c5 2.Nf3 d6 3.d4 cxd4 4.Nxd4 Nf6 5.Nc3 a6 6.Be3 e6 7.f4 b5 8.Qf3 Bb7
9.Bd3 Nbd7 10.g4 b4 11.Nce2 Nc5 12.Ng3 Qc7 13.g5 Nfd7 14.h4 g6 15.h5 Bg7
16.h6  1/2-1/2

[Event "URS-ch sf"]
[Site "Sverdlovsk"]
[Date "1984.??.??"]
[Round "?"]
[White "Lukin, Andrei M"]
[Black "Petrosian, Arshak B"]
[Result "0-1"]
[WhiteElo "2470"]
[BlackElo "2470"]

1.e4 c5 2.Nf3 d6 3.d4 cxd4 4.Nxd4 Nf6 5.Nc3 a6 6.Be3 e5 7.Nb3 Be6 8.f3 Nbd7
9.g4 Be7 10.Qd2 Rc8 11.O-O-O Nb6 12.Kb1 Nc4 13.Bxc4 Rxc4 14.g5 Nd7 15.Nd5 Bxd5
16.Qxd5 b5 17.h4 O-O 18.Nd2 Rc8 19.Nf1 Nb6 20.Bxb6 Qxb6 21.Qd3 d5 22.exd5 Rfd8
23.Ne3 a5 24.Qe4 a4 25.Nf5 Bd6 26.Nxd6 Qxd6 27.Rhe1 Re8 28.f4 Rc4 29.Rd4 f5  0-1

[Event "URS-ch sf"]
[Site "Sverdlovsk"]
[Date "1984.??.??"]
[Round "?"]
[White "Kengis, Edvins"]
[Black "Shneider, Aleksandr"]
[Result "1-0"]
[WhiteElo "2445"]
[BlackElo "2460"]

1.e4 c5 2.Nf3 d6 3.d4 cxd4 4.Nxd4 Nf6 5.Nc3 a6 6.Be3 e6 7.Qf3 Qc7 8.O-O-O Nc6
9.Be2 Nxd4 10.Rxd4 b5 11.Bg5 Be7 12.Qg3 Bb7 13.Rhd1 Rc8 14.R1d2 O-O 15.Bh6 Ne8
16.e5 d5 17.Rg4 g6 18.Bxf8 Bxf8 19.Kb1 b4 20.Nd1 Ng7 21.Bd3 a5 22.Rh4 a4
23.Re2 a3 24.b3 h5 25.Rf4 Qc5 26.Qe3 Qc6 27.Qf3 Nf5 28.g4 hxg4 29.Rxg4 Ba6
30.h4 Ng7 31.Re1 Bxd3 32.Qxd3 Nh5 33.Reg1 Bg7 34.f4 Qc5 35.Rf1 Kh7 36.Rg5 Kh6
37.Ne3 Qc3 38.Ng4+ Kh7 39.Rxh5+  1-0

[Event "URS-ch sf"]
[Site "Sverdlovsk"]
[Date "1984.??.??"]
[Round "?"]
[White "Kengis, Edvins"]
[Black "Gavrikov, Viktor"]
[Result "1-0"]
[WhiteElo "2445"]
[BlackElo "2485"]

1.e4 c5 2.Nf3 d6 3.d4 cxd4 4.Nxd4 Nf6 5.Nc3 a6 6.Be3 e6 7.Qf3 Qc7 8.O-O-O Nbd7
9.Be2 Ne5 10.Qg3 b5 11.f4 Nc4 12.e5 dxe5 13.fxe5 Nxe3 14.Qxe3 Nd7 15.Bf3 Rb8
16.Rhe1 b4 17.Nd5 exd5 18.Bxd5 Nc5 19.Bc6+ Bd7 20.e6 Bxc6 21.exf7+ Kxf7 22.Nxc6 Rc8
23.Rf1+ Kg8 24.Rxf8+ Kxf8 25.Qxc5+ Kf7 26.Qf5+  1-0

[Event "Thessaloniki ol (Women)"]
[Site "Thessaloniki"]
[Date "1984.??.??"]
[Round "5"]
[White "Polihroniade, Elisabeta"]
[Black "Brustman, Agnieszka"]
[Result "1/2-1/2"]
[WhiteElo "2165"]
[BlackElo "2315"]

1.e4 c5 2.Nf3 d6 3.d4 cxd4 4.Nxd4 Nf6 5.Nc3 a6 6.Be3 e5 7.Nb3 Be6 8.Qd2 Nbd7
9.f4 exf4 10.Bxf4 Ne5 11.Nd4 Be7 12.O-O-O O-O 13.Nf5 Bxf5 14.exf5 Qc8 15.Bd3 b5
16.h3 b4 17.Ne2 a5 18.g4 Re8 19.Bxe5 dxe5 20.g5 e4 21.gxf6 exd3 22.fxe7 dxe2
23.Qxe2 Qxf5 24.Rhe1 g6 25.Rd3 a4 26.Kb1 a3 27.Qd2 Qa5 28.bxa3 Qa7 29.Rd8 bxa3
30.Rxe8+ Rxe8 31.Qd8 Qa4 32.Kc1 Kg7 33.Qd6 Qh4 34.Qe5+ f6 35.Qe6 Qd4 36.Re4 Qg1+
37.Kd2 Qf2+ 38.Re2 Qf4+ 39.Kd1 Qd4+ 40.Kc1 Qf4+ 41.Re3 g5  1/2-1/2

[Event "Tirnavia"]
[Site "Trnava"]
[Date "1984.??.??"]
[Round "4"]
[White "Banas, Jan"]
[Black "Mokry, Karel"]
[Result "0-1"]
[WhiteElo "2360"]
[BlackElo "2435"]

1.e4 c5 2.Nf3 d6 3.d4 cxd4 4.Nxd4 Nf6 5.Nc3 a6 6.Be3 e6 7.a4 Be7 8.Be2 O-O
9.O-O Qc7 10.f4 Nc6 11.Kh1 Re8 12.Nb3 b6 13.Bd3 Nd7 14.Rf3 g6 15.Nd4 Bb7
16.Qe2 Bf6 17.Nxc6 Bxc6 18.Bd2 Nc5 19.b3 Bxc3 20.Bxc3 f5 21.Rg3 Bxe4 22.Qh5 Qf7
23.b4 Nxd3 24.cxd3 Bd5 25.Qh6 Rac8 26.Bd4 e5 27.Bxb6 Rc2 28.Rg1 Qg7 29.Qg5 Kf7
30.fxe5 dxe5 31.Rh3 Kg8 32.Bd8 Rf8 33.Be7 Rf7 34.Bc5 Qf6 35.Qxf6 Rxf6 36.Re3 Re6
37.d4 e4 38.g3 Kg7 39.Rf1 Kf6 40.Kg1 g5 41.b5 a5 42.h4 h6 43.Bf8 Kg6 44.h5+ Kf6
45.Bxh6 Re8 46.Bg7+ Kxg7 47.Rxf5 Bc4 48.b6 Bd3 49.Rxg5+ Kh6 50.Rc5 Rb2 51.g4 Rf8
52.Rc1 Rf3 53.Rce1 Rxe3 54.Rxe3 Rxb6 55.Kf2 Kg5 56.Kg3 Rb4 57.d5 Rxa4 58.Re1 Rd4
59.Rh1  0-1

[Event "Tirnavia"]
[Site "Trnava"]
[Date "1984.??.??"]
[Round "11"]
[White "Lanc, Alois"]
[Black "Sznapik, Aleksander"]
[Result "1-0"]
[WhiteElo "2390"]
[BlackElo "2460"]

1.e4 c5 2.Nf3 d6 3.d4 cxd4 4.Nxd4 Nf6 5.Nc3 a6 6.Be3 e6 7.f4 b5 8.Qf3 Bb7
9.Bd3 Nbd7 10.g4 b4 11.Nce2 Nc5 12.Ng3 Qc7 13.O-O g6 14.a3 Bg7 15.axb4 Nxd3
16.cxd3 h5 17.gxh5 Nxh5 18.Rf2 Rd8 19.Rc2 Qd7 20.Rac1 Rc8 21.Rxc8+ Bxc8 22.f5 exf5
23.Ndxf5 gxf5 24.Nxh5 Bxb2 25.d4 Rg8+ 26.Kf2 Rg6 27.Rc2 Ba3 28.Bg5 Bb7 29.Qxa3 fxe4
30.Nf6+ Rxf6+ 31.Bxf6 Qf5+ 32.Kg1 Qxf6 33.Qe3 Qe6 34.h3 Bd5 35.Kh2 Bc4 36.Rf2 d5
37.Rb2 Kd7 38.Kg2 Kc6 39.Kf2 Kb5 40.Kg3 f5 41.h4 Qg6+ 42.Qg5 Qd6+ 43.Qf4 Qg6+
44.Kf2 Qg7 45.Rd2 Kxb4 46.Rd1 Qe7 47.Qd2+ Ka4 48.Ra1+ Kb5 49.Rb1+ Ka4 50.Qc2+ Ka5
51.Qc3+ Ka4 52.Qa1+ Qa3 53.Qxa3+ Kxa3 54.Ke3 Ka2 55.Rb6 f4+ 56.Kxf4 Be2 57.Ke3  1-0

[Event "Tirnavia"]
[Site "Trnava"]
[Date "1984.??.??"]
[Round "13"]
[White "Lanc, Alois"]
[Black "Mokry, Karel"]
[Result "0-1"]
[WhiteElo "2390"]
[BlackElo "2435"]

1.e4 c5 2.Nf3 d6 3.d4 cxd4 4.Nxd4 Nf6 5.Nc3 a6 6.Be3 e6 7.f4 b5 8.Qf3 Bb7
9.Bd3 Nbd7 10.g4 h6 11.O-O-O Rc8 12.g5 hxg5 13.fxg5 Ne5 14.Qg2 Nfg4 15.Bf4 b4
16.Nce2 Be7 17.h3 Nxd3+ 18.Rxd3 Ne5 19.Rdd1 Qc7 20.Be3 Nc4 21.g6 Nxe3 22.gxf7+ Kd7
23.Qxg7 Nxc2 24.Nxe6 Qc4 25.f8=Q Nd4+ 26.Kb1 Bxe4+ 27.Ka1 Nc2+ 28.Kb1 Rhxf8
29.Nxf8+ Rxf8 30.Qg4+ Kd8 31.Ng3 Na3+ 32.Ka1 Bxh1  0-1

[Event "Yerevan"]
[Site "Yerevan"]
[Date "1984.??.??"]
[Round "?"]
[White "Short, Nigel D"]
[Black "Szekely, Peter"]
[Result "1/2-1/2"]
[WhiteElo "2500"]
[BlackElo "2430"]

1.e4 c5 2.Nf3 d6 3.d4 cxd4 4.Nxd4 Nf6 5.Nc3 a6 6.Be3 e5 7.Nb3 Be6 8.Qd2 Nbd7
9.f4 Qc7 10.f5 Bc4 11.Bxc4 Qxc4 12.Qe2 Rc8 13.Qxc4 Rxc4 14.Nd2 Rc6 15.h3 Be7
16.O-O-O Bd8 17.g4 h6 18.Kb1 b5 19.a3 Bb6 20.Rhe1 Ke7  1/2-1/2

[Event "Yerevan"]
[Site "Yerevan"]
[Date "1984.??.??"]
[Round "?"]
[White "Short, Nigel D"]
[Black "Rashkovsky, Nukhim N"]
[Result "1/2-1/2"]
[WhiteElo "2500"]
[BlackElo "2470"]

1.e4 c5 2.Nf3 d6 3.d4 cxd4 4.Nxd4 Nf6 5.Nc3 a6 6.Be3 e5 7.Nb3 Be7 8.Qd2 O-O
9.f3 Be6 10.Nd5 Nxd5 11.exd5 Bc8 12.Be2 Bh4+ 13.g3 Bf6 14.c4 a5 15.Nc1 Na6
16.Nd3 b6 17.Rc1 Nc5 18.O-O h6 19.b3 Re8 20.Nf2 Bf5 21.Bd1 Bg5 22.Re1 Ra7
23.Kg2 Bg6 24.Bc2 Bxc2 25.Qxc2 Bxe3 26.Rxe3 Qg5 27.Ree1 f5 28.a3 Qf6 29.Qc3 Nd7  1/2-1/2

[Event "Yerevan"]
[Site "Yerevan"]
[Date "1984.??.??"]
[Round "?"]
[White "Short, Nigel D"]
[Black "Lukov, Valentin"]
[Result "1-0"]
[WhiteElo "2500"]
[BlackElo "2435"]

1.e4 c5 2.Nf3 d6 3.d4 cxd4 4.Nxd4 Nf6 5.Nc3 a6 6.Be3 e6 7.f4 b5 8.Qf3 Bb7
9.Bd3 Nbd7 10.g4 b4 11.Nce2 Nc5 12.Ng3 Qc7 13.O-O g6 14.f5 exf5 15.Ndxf5 gxf5
16.Bd4 fxe4 17.Qxf6 Rg8 18.Bxc5 Qxc5+ 19.Rf2 Be7 20.Qxf7+ Kd7 21.Nf5 Qe5
22.Be2 e3 23.Rf4 Raf8 24.Qxe7+ Qxe7 25.Nxe7 Rxf4 26.Nxg8 Rf2 27.Bf1 Bd5 28.Nh6 Rxc2
29.b3 e2 30.Bh3 Be4 31.g5+ Kc6 32.Kf2 d5 33.Bf5 Bxf5 34.Nxf5 Kc5 35.Ke3 Rxa2
36.Rc1+ Kb6 37.Nd4  1-0

[Event "Yerevan"]
[Site "Yerevan"]
[Date "1984.??.??"]
[Round "?"]
[White "Mnatsakanian, Eduard A"]
[Black "Lukov, Valentin"]
[Result "1/2-1/2"]
[WhiteElo "2435"]
[BlackElo "2435"]

1.e4 c5 2.Nf3 d6 3.d4 cxd4 4.Nxd4 Nf6 5.Nc3 a6 6.Be3 e5 7.Nb3 Be6 8.Nd5 Nbd7
9.f3 Bxd5 10.exd5 Rc8 11.c4 Be7 12.Be2 O-O 13.Qd2 b6 14.O-O a5 15.Nc1 Ne8
16.Rb1 h6 17.b4 Bg5 18.bxa5 Bxe3+ 19.Qxe3 bxa5 20.Rb5 Ra8 21.Nb3 a4 22.Nd2 Nc7
23.Rb4 Nc5 24.a3 N7a6 25.Rb5 Qg5 26.Qxg5 hxg5 27.Rfb1 Rfd8 28.Kf2 g6 29.h3 f5
30.Ke3 Kf7 31.Bd1 Nb8 32.R1b4 Nba6 33.Rb2 Nd7 34.Nb1 Rdc8 35.Bxa4 Nac5 36.Bc2 f4+
37.Kf2 e4 38.Bxe4 Ne5 39.Rc2 Nxe4+ 40.fxe4 Nxc4 41.Rb7+ Kf6 42.Rd7 Ke5 43.Nd2 Nxd2
44.Re7+ Kd4 45.Rxd2+ Kc3 46.Re2 Kd3 47.e5 Rc5 48.e6 Kd4 49.Rd7 Kxd5 50.e7 Rcc8
51.Rd2+ Ke6 52.R2xd6+ Kf7 53.Rd3 Rc2+ 54.Kf3 Re8 55.R3d5 Kf6 56.R5d6+ Kf7
57.Rd4 Rc3+ 58.Kf2 Rc2+ 59.Rd2 Rxd2+ 60.Rxd2 Rxe7 61.a4 Ra7 62.Ra2 Ra5 63.Kf3 Ke6
64.Kg4 Kf6 65.Ra3 Kg7 66.Ra1 Kf6 67.Ra2 Kg7 68.Rb2 Kf6 69.Ra2 Kg7 70.g3 fxg3
71.Kxg3 Kh6 72.Kg4 Kg7 73.Kf3 Kh6  1/2-1/2

[Event "Yerevan"]
[Site "Yerevan"]
[Date "1984.??.??"]
[Round "?"]
[White "Rodriguez, Amador"]
[Black "Rashkovsky, Nukhim N"]
[Result "1-0"]
[WhiteElo "2445"]
[BlackElo "2470"]

1.e4 c5 2.Nf3 d6 3.d4 cxd4 4.Nxd4 Nf6 5.Nc3 a6 6.Be3 e5 7.Nb3 Be7 8.f3 O-O
9.Qd2 Be6 10.Nd5 Nxd5 11.exd5 Bf5 12.Be2 a5 13.O-O a4 14.Nc1 Nd7 15.Nd3 Bxd3
16.Bxd3 Nc5 17.Be2 f5 18.b4 Nd7 19.c4 b6 20.Kh1 f4 21.Bg1 Rf6 22.Bd3 Qe8
23.Rfe1 Qf7 24.Rac1 Rh6 25.Rc3 Bh4 26.Rd1 Kh8 27.Qc2 Rh5 28.Ra3 Bg3 29.h3 Qf6
30.Rxa4 Rf8 31.Ra7 Qh6 32.Rxd7 Rxh3+ 33.gxh3 Qxh3+ 34.Bh2 Qxd7 35.Bxg3 fxg3
36.Kg2 Qf7 37.Be4 h5 38.Qd2 Qf6 39.Kxg3 g5 40.Rh1 h4+ 41.Kh3  1-0

[Event "Yerevan"]
[Site "Yerevan"]
[Date "1984.??.??"]
[Round "?"]
[White "Rodriguez, Amador"]
[Black "Eolian, Levon S"]
[Result "1-0"]
[WhiteElo "2445"]
[BlackElo "2425"]

1.e4 c5 2.Nf3 d6 3.d4 cxd4 4.Nxd4 Nf6 5.Nc3 a6 6.Be3 e5 7.Nb3 Be6 8.Nd5 Nbd7
9.f3 Bxd5 10.exd5 Be7 11.Qd2 h6 12.Be2 Nh5 13.g3 Bg5 14.f4 exf4 15.gxf4 Bh4+
16.Kf1 Ndf6 17.Bxh5 Nxh5 18.Qe2 g6 19.Bd4+ Qe7 20.Bxh8 Qxe2+ 21.Kxe2 f6 22.Kf3 Kf7
23.Rhf1  1-0

[Event "BUL-FRA"]
[Site "?"]
[Date "1985.??.??"]
[Round "6"]
[White "Andruet, Gilles"]
[Black "Inkiov, Ventzislav"]
[Result "1/2-1/2"]
[WhiteElo "2390"]
[BlackElo "2480"]

1.e4 c5 2.Nf3 d6 3.d4 cxd4 4.Nxd4 Nf6 5.Nc3 a6 6.Be3 e5 7.Nb3 Be7 8.Be2 Be6
9.g4 d5 10.g5 Nxe4 11.Nxe4 dxe4 12.Qxd8+ Bxd8 13.O-O-O Nd7 14.Nd2 Bf5 15.Bc4 Nb6
16.Bb3 Rc8 17.Rhe1 Ke7 18.Nxe4 Bxe4 19.Bxb6 Bxb6 20.Rxe4 Bc7 21.Bd5 Rb8 22.f4 f6
23.gxf6+ gxf6 24.f5 h5 25.Rg1 Rh7 26.Rg3 Bd6 27.Rh4 b6 28.Rgh3 Rbh8 29.Kd2 Bc5
30.Ke2 a5 31.Bf3 Bg1 32.Rg3 Bc5 33.Rgh3 Bg1 34.c3 Kd6 35.Rg3 Bc5 36.Rgh3 Bg1
37.Rg3 Bc5 38.Rg6 Ke7 39.a3 Bd6 40.Rg3 Kd7 41.Rgh3 Ke7 42.b4 axb4 43.cxb4 Rc8
44.Kd3 Rd8 45.Kc3 Rc8+ 46.Rc4 Rb8 47.Rch4 Rc8+ 48.Rc4 Rb8 49.a4 b5 50.axb5 Rxb5
51.Bc6 Rb8 52.b5 Bc7 53.Rch4 Rbh8 54.Bf3 Bb6 55.Rxh5 Rxh5 56.Rxh5 Rxh5 57.Bxh5 e4
58.Bg4 Bf2 59.Kd2 Kf8 60.Bd1 Bb6 61.Bc2 e3+ 62.Kd3 Kg7 63.Bd1 Kh6 64.h4 Kg7
65.Ke4 Kh6 66.Kd5 Bc7 67.Ke6 Kg7 68.Be2 Bg3 69.h5 Be5 70.Bd1 Kh6 71.Kf7 Kh7
72.Be2 Kh6 73.Ke6 Kg7  1/2-1/2

[Event "BUL-FRA"]
[Site "?"]
[Date "1985.??.??"]
[Round "9"]
[White "Renet, Olivier"]
[Black "Tringov, Georgi P"]
[Result "0-1"]
[WhiteElo "2375"]
[BlackElo "2460"]

1.e4 c5 2.Nf3 d6 3.d4 cxd4 4.Nxd4 Nf6 5.Nc3 a6 6.Be3 e6 7.g4 b5 8.a3 Bb7
9.Bg2 Be7 10.Qe2 Qc7 11.g5 Nfd7 12.f4 Nc6 13.O-O-O O-O 14.g6 hxg6 15.h4 Nxd4
16.Bxd4 e5 17.Be3 Qc4 18.Qxc4 bxc4 19.Nd5 Bxd5 20.Rxd5 Nf6 21.Ra5 c3 22.bxc3 Rfc8
23.fxe5 dxe5 24.Bd2 Bc5 25.Bf1 Rc6 26.Bb5 Rc7 27.Bd3 Rb8 28.c4 Rcb7 29.Bb4 Bxb4
30.axb4 Rxb4 31.Kd2 Nd7 32.Rha1 Kf8 33.Rd5 R4b7 34.Rxa6 Rc7 35.Rb5 Rbc8 36.Rba5 Ke7
37.Ra7 Rxa7 38.Rxa7 Kd6 39.Kc3 Rc7 40.Ra8 Nc5 41.Rg8 f6 42.Ra8 Rf7 43.Ra1 f5
44.Rg1 fxe4 45.Rxg6+ Rf6 46.Rxf6+ gxf6 47.Bf1 f5 48.h5 Ke7 49.Kb4 Na6+ 50.Ka4 Nc7
51.c5 f4 52.Kb4 Kf6 53.Kc3 Kg5  0-1

[Event "Midwest Masters"]
[Site "Chicago"]
[Date "1985.??.??"]
[Round "5"]
[White "Rose, J."]
[Black "De Fotis, Gregory"]
[Result "0-1"]
[WhiteElo "2200"]
[BlackElo "2200"]

1.e4 c5 2.Nf3 d6 3.d4 cxd4 4.Nxd4 Nf6 5.Nc3 a6 6.Be3 e5 7.Nb3 Be6 8.Be2 Nbd7
9.O-O Rc8 10.f4 Be7 11.Kh1 O-O 12.Qe1 Nb6 13.f5 Bd7 14.a4 d5 15.Bxb6 Qxb6
16.a5 Qe3 17.Rf3 Rxc3 18.Rxe3 Rxe3 19.Qd2 Rxe4 20.Bf3 Rh4 21.Qe1 Ne4 22.g3 Rh6
23.Rd1 Bc6 24.c4 Ng5 25.Bxd5 Bxd5+ 26.cxd5 Rxh2+ 27.Kxh2 Nf3+ 28.Kg2 Nxe1+
29.Rxe1 Rd8 30.Rd1 g6 31.g4 Kg7 32.Kf3 h5 33.fxg6 hxg4+ 34.Ke4 Kxg6 35.Kxe5 Bd6+
36.Kd4 f5 37.Nc5 Bxc5+ 38.Kxc5 f4 39.Kb6 f3 40.Kc7 Rf8 41.d6 f2  0-1

[Event "Hamburg-ch"]
[Site "Hamburg"]
[Date "1985.??.??"]
[Round "?"]
[White "Schacht, Holger"]
[Black "Reddmann, Hauke"]
[Result "1/2-1/2"]
[WhiteElo "2270"]
[BlackElo "2200"]

1.e4 c5 2.Nf3 d6 3.d4 cxd4 4.Nxd4 Nf6 5.Nc3 a6 6.Be3 g6 7.f3 Nbd7 8.Qd2 Qc7
9.g4 Nb6 10.O-O-O h5 11.e5 Nfd5 12.exd6 exd6 13.Ndb5 axb5 14.Nxd5 Nxd5 15.Bxb5+ Kd8
16.Qxd5 Be6 17.Qd4 Rh7 18.a3 hxg4 19.fxg4 d5 20.Kb1 Bg7 21.Qb6 Be5 22.c4 Qxb6
23.Bxb6+ Ke7 24.g5 Rah8 25.Rhe1 f6 26.cxd5 Bf5+ 27.Ka2 Kd6 28.gxf6 Bxf6 29.Rc1 Rc8
30.Rxc8 Bxc8 31.Rc1 Bf5 32.Bc5+ Kxd5 33.Bc4+ Ke4 34.Re1+ Kf3 35.Bd5+ Kg4
36.Rg1+ Kf4 37.Re1 Kg4 38.Bd6 Rd7 39.Rg1+ Kh5 40.Bf3+ Kh6 41.Rd1 Kg7 42.Bg3 Bd3
43.Be2 Bc4+ 44.Ka1 Rxd1+ 45.Bxd1 Bd4 46.Bc2 Kf6 47.Be4 b6 48.Kb1 g5 49.Kc2 Be5
50.b4 Bxg3 51.hxg3 Ke5 52.Bd3 Bd5 53.Kc3 Bc6 54.Kc4 Kd6 55.b5 Bd5+ 56.Kb4 Ke5
57.a4 Bf3 58.a5 bxa5+ 59.Kxa5 Kd4 60.Bf5 Kc5 61.Bc8 Be2 62.b6 Kc6 63.b7 Kc7
64.Kb4 Bf3 65.Kc5 g4 66.Kd4 Kb8 67.Ke5 Kc7 68.Kf4 Kb8 69.Bxg4 Bxb7 70.Bf5 Kc7
71.g4 Kd6 72.g5 Ke7 73.Ke5 Kf7 74.Be4 Bxe4 75.Kxe4 Kg6 76.Kf4 Kg7 77.Kf5 Kf7
78.g6+ Kg7 79.Kg5 Kg8 80.Kf6 Kf8 81.g7+ Kg8 82.Kg6  1/2-1/2

[Event "Jurmala"]
[Site "Jurmala"]
[Date "1985.??.??"]
[Round "12"]
[White "Gipslis, Aivars"]
[Black "Vitolinsh, Alvis"]
[Result "0-1"]
[WhiteElo "2490"]
[BlackElo "2410"]

1.e4 c5 2.Nf3 d6 3.d4 cxd4 4.Nxd4 Nf6 5.Nc3 a6 6.Be3 e5 7.Nb3 Be6 8.f4 Ng4
9.Bd2 Qb6 10.Qf3 exf4 11.Bxf4 Nd7 12.h3 Nge5 13.Qg3 g6 14.O-O-O Bg7 15.Nd4 O-O
16.Be2 Rac8 17.Rhf1 Nc4 18.Bxc4 Bxc4 19.Nf5 Bxf1 20.Nxg7 Kxg7 21.Rxf1 f6
22.Bxd6 Rfe8 23.Rd1 Qc6 24.Bf4 Re6 25.Qf2 Nc5 26.e5 fxe5 27.Be3 Nd7 28.Qd2 Nf6
29.g4 Kg8 30.Qd3 Qc4 31.Qxc4 Rxc4 32.g5 Ne8 33.Nd5 Rh4 34.Bc5 Kg7 35.Rf1 h5
36.Bf8+ Kg8 37.c3 Ng7 38.Ne7+ Rxe7 39.Bxe7 Nf5 40.Bf6 e4 41.Rh1 Rf4 42.Be5 Rf3
43.Rh2 h4 44.Kd2 Kf7 45.Ke1 Ke6 46.Bb8 b5 47.Bc7 Kd5 48.Rd2+ Kc6 49.Bb8 Rxh3
50.Rd8 Rh1+ 51.Kf2 e3+ 52.Ke2 Rg1 53.Bf4 Rg2+ 54.Kf3 h3  0-1

[Event "URS-ch sf"]
[Site "Kostroma"]
[Date "1985.??.??"]
[Round "6"]
[White "Malaniuk, Vladimir P"]
[Black "Zaichik, Gennadi"]
[Result "1-0"]
[WhiteElo "2465"]
[BlackElo "2475"]

1.e4 c5 2.Nf3 d6 3.d4 cxd4 4.Nxd4 Nf6 5.Nc3 a6 6.Be3 e5 7.Nf3 Qc7 8.a4 b6
9.Bg5 Nbd7 10.Nd2 Bb7 11.Bc4 Be7 12.Qe2 O-O 13.O-O h6 14.Bxf6 Nxf6 15.Rfd1 Rfc8
16.Bb3 Qd8 17.Nc4 Rc5 18.Qd3 Qc7 19.Ne3 Rc8 20.Bd5 Bf8 21.Bxb7 Qxb7 22.Ra3 g6
23.Rb3 Kg7 24.Ncd5 Nxd5 25.Nxd5 b5 26.c3 Rc4 27.Ra1 R8c5 28.axb5 axb5 29.Rba3 Ra4
30.b4 Rxa3 31.Rxa3 Rc4 32.Qe3 Rc8 33.h3 Ra8 34.Ra5 Ra6 35.Qe2 Rxa5 36.bxa5 f5
37.Qa2 fxe4 38.a6 Qa7 39.Qa5  1-0

[Event "WchT U26"]
[Site "Mendoza"]
[Date "1985.??.??"]
[Round "6"]
[White "Belkhodja, Slim"]
[Black "Santana, Orlando"]
[Result "1/2-1/2"]
[WhiteElo "2385"]
[BlackElo "2230"]

1.e4 c5 2.Nf3 d6 3.d4 cxd4 4.Nxd4 Nf6 5.Nc3 a6 6.Be3 e6 7.a4 Nbd7 8.g3 Qc7
9.Bg2 Be7 10.O-O O-O 11.h3 Rb8 12.f4 Re8 13.g4 Nb6 14.g5 Nfd7 15.Kh1 Nc4
16.Bc1 Bf8 17.Qf3 b6 18.b3 Na5 19.Bb2 Bb7 20.Qg3 Nc6 21.Nxc6 Bxc6 22.f5 exf5
23.Rxf5 Ne5 24.Raf1 g6 25.R5f4 Bg7 26.Qf2 Re7 27.Qd2 Rc8 28.Ba1 Bb7 29.R4f2 Qd8
30.Nd5 Bxd5 31.Qxd5 Rc5 32.Qd2 Rd7 33.Bd4 Rc6 34.c4 Rb7 35.Be3 Re7 36.Qd5 Qc7
37.Rd1 Rd7 38.Rfd2 Qd8 39.Bd4 Rc8 40.Be3 Nc6 41.Rf2 Be5 42.Rdf1 Qc7 43.Bf3 Rf8  1/2-1/2

[Event "Wch U20"]
[Site "Sharjah"]
[Date "1985.??.??"]
[Round "6"]
[White "Howell, James C"]
[Black "Klinger, Josef"]
[Result "1/2-1/2"]
[WhiteElo "2370"]
[BlackElo "2460"]

1.e4 c5 2.Nf3 d6 3.d4 cxd4 4.Nxd4 Nf6 5.Nc3 a6 6.Be3 e5 7.Nf3 Qc7 8.a4 Be7
9.a5 Be6 10.Be2 O-O 11.O-O Nbd7 12.Ng5 Qc6 13.Qd3 Rfd8 14.Rfd1 Nc5 15.Bxc5 dxc5
16.Qg3 Rd4 17.b3 Rad8 18.Nxe6 Qxe6 19.Bc4 Nxe4 20.Rxd4 exd4 21.Nxe4 Qxe4
22.Qc7 Rd6 23.Bd3 Qe6 24.Qxb7 g6 25.Bc4 Qe5 26.Rf1 Qf6 27.Re1 Bd8 28.g3 Kg7
29.Kg2 Qf5 30.Bd3 Qd7 31.Bxa6 Qxb7+ 32.Bxb7 Bxa5 33.Re8 d3 34.cxd3 Rxd3 35.Re3 Rd7
36.Ba6 Bd2 37.Re2 Bc3 38.Bc4 Bd4 39.Rd2 Re7 40.h4  1/2-1/2